Okres Galanta v tlači neperiodické dokumenty : regionálna bibliografia
| Other Authors: | , , |
|---|---|
| Format: | Serial |
| Language: | Slovak |
| PhysicalDescription: | zv. 30 cm |
| Published: |
Galanta
Galantská knižnica
|
| ISBN: | 8089097022 (brož. : r. 2000/2001) 8089097073 (brož. : r. 2002/2003) 9788089097135 (brož. : r. 2004/2005) |
| Subjects: |
MARC
| LEADER | 00000cas a2200000 a 4500 | ||
|---|---|---|---|
| 001 | vtls001474909 | ||
| 003 | SK-MaSNL | ||
| 005 | 20260331204201.0 | ||
| 008 | 201204u198620uuxo ar| b 0 0b0slo | ||
| 015 | |a SNBSAB1997-00089 (r. 1994/1995) |a SNBSAB1998-00125 (r. 1996/1997) |a SNBSAB2000-00095 (r. 1998/1999) |a SNBSAB2004-00094 (r. 2004/2005) | ||
| 015 | |a SNBB2020-(r. 2006) | ||
| 020 | |a 8089097022 (brož. : r. 2000/2001) | ||
| 020 | |a 8089097073 (brož. : r. 2002/2003) | ||
| 020 | |a 9788089097135 (brož. : r. 2004/2005) | ||
| 035 | |a SNK000430210 | ||
| 040 | |a SNK |b slo |c SNK |e AACR2 | ||
| 041 | 0 | |a slo | |
| 043 | |a e-xo--- | ||
| 044 | |a xo |c SK | ||
| 072 | 7 | |a 01 |x Bibliografia. Katalógy |2 konspekt | |
| 080 | |a (036) |2 2011 | ||
| 080 | |a (01)-048.58 |2 2011 | ||
| 080 | |a 015 |2 2011 | ||
| 080 | |a 050 |2 2011 | ||
| 080 | |a 82-027.541 |2 2011 | ||
| 080 | |a 002.1 |2 2001 | ||
| 080 | |a (437.612) |2 2011 | ||
| 100 | 1 | |a Kontárová, Judita, |d 1956- |4 com |9 134012 | |
| 245 | 1 | 0 | |a Okres Galanta v tlači |b neperiodické dokumenty : regionálna bibliografia |c [zostavila: Judita Kontárová, Mária Pappová] |
| 260 | |a Galanta |b Galantská knižnica | ||
| 300 | |a zv. |c 30 cm | ||
| 310 | |a 1x ročne | ||
| 500 | |a Popis podľa: Roč. 7 (2000/2001) | ||
| 500 | |a Zost.: 2002/2003, Zuzana Fajnorová, Judita Kontárová ; 2004/2005-2006, Zuzana Fajnorová | ||
| 504 | |a Obsahuje autorský, predmetový a geografický register | ||
| 650 | 0 | 7 | |a regionálna literatúra |2 SNKPH |9 66958 |
| 650 | 0 | 7 | |a Regional literature |2 SNKPHeng |9 266985 |
| 650 | 0 | 7 | |a Publications |2 SNKPHeng |9 266986 |
| 650 | 0 | 7 | |a publikácie |2 SNKPH |9 19587 |
| 651 | 7 | |a Galanta (Slovensko : okres) |2 SNKPHgeo |9 15964 | |
| 651 | 7 | |a Galanta (Slovakia : district) |2 SNKPHeng |9 266987 | |
| 655 | 7 | |a regionálne bibliografie |2 SNKPH |9 70484 | |
| 655 | 7 | |a informačné publikácie |2 SNKPH |9 70181 | |
| 655 | 7 | |a Regional bibliographies |2 SNKPHeng |9 265209 | |
| 655 | 7 | |a Information publications |2 SNKPHeng |9 265188 | |
| 700 | 1 | |a Fajnorová, Zuzana, 1969- |4 com |9 166131 | |
| 700 | 1 | |a Pappová, Mária |4 com |9 266988 | |
| 710 | 2 | |a Galantská knižnica |4 pbl |9 32738 | |
| 910 | |a snk | ||
| 919 | |a 80-89097-02-2 | ||
| 919 | |a 80-89097-07-3 | ||
| 919 | |a 978-80-89097-13-5 | ||
| 958 | |a RG | ||
| 999 | |c 3073 |d 5003 | ||
| 952 | |a SNK |b SNK |y PREZ |7 0 |p 17A1095562 |o snkČSB 3806/A/10/2006 |i snk2020/21868 |8 1 |z Vydané v r. 2009 |0 0 |1 0 |4 0 |d 2020-12-04 |l 0 |r 2026-02-21 19:24:28 |w 2026-02-21 | ||
| 952 | |a SNK |b SNK |y PREZ |7 0 |p 17A1095563 |o snkČSB 3806/A/10/2006 D1 |i snk2020/21869 |8 1 |z Vydané v r. 2009 |0 0 |1 0 |4 0 |d 2020-12-04 |l 0 |r 2026-02-21 19:24:28 |w 2026-02-21 | ||
| 952 | |a SNK |b SNK |y PREZ |7 0 |p 17A0431023 |o snkČSB 3806/A/7/2000-2001 |i snkPV 700/2004 |z Vydané v r. 2003 |0 0 |1 0 |4 0 |d 2004-05-17 |l 0 |r 2005-01-02 00:00:00 |w 2026-02-21 | ||
| 952 | |a SNK |b SNK |y PREZ |7 0 |p 17A0431024 |o snkČSB 3806/A/7/2000-2001 D1 |i snkPV 701/2004 |0 0 |1 0 |4 0 |d 2004-05-17 |l 0 |r 2005-01-02 00:00:00 |w 2026-02-21 | ||
| 952 | |a SNK |b SNK |y PREZ |7 0 |p 17A0446560 |o snkČSB 3806/A/8/2002-2003 |i snk2005/9810 |8 0 |z Vydané v r. 2004 |0 0 |1 0 |4 0 |d 2005-06-07 |l 0 |r 2026-02-21 20:07:17 |w 2026-02-21 | ||
| 952 | |a SNK |b SNK |y PREZ |7 0 |p 17A0563196 |o snkČSB 3806/A/9/2004-2005 |i snk2007/24288 |8 0 |z Vydané v r. 2006 |0 0 |1 0 |4 0 |d 2007-11-09 |l 0 |r 2026-02-21 20:21:23 |w 2026-02-21 | ||
| 952 | |a SNK |b SNK |y PREZ |7 0 |p 17A0563197 |o snkČSB 3806/A/9/2004-2005 D1 |i snk2007/24289 |8 0 |0 0 |1 0 |4 0 |d 2007-11-09 |l 0 |r 2026-02-21 20:21:23 |w 2026-02-21 | ||
| 952 | |a SNK |b SNK |y PREZ |7 0 |p 17A0124335 |o snkČSB 3806/A/4/1994-1995 |i snkKSP 1298/98 |0 0 |1 0 |4 0 |d 1998-02-09 |l 0 |r 2005-01-02 00:00:00 |w 2026-02-21 | ||
| 952 | |a SNK |b SNK |y PREZ |7 0 |p 17A0171864 |o snkČSB 3806/A/4/1994-1995 D1 |i snkKSP 11550/98 |0 0 |1 0 |4 0 |d 1998-12-14 |l 0 |r 2005-01-02 00:00:00 |w 2026-02-21 | ||
| 952 | |a SNK |b SNK |y PREZ |7 0 |p 17A0264167 |o snkČSB 3806/A/6/1998-1999 |i snkKSP 806/2001 |0 0 |1 0 |4 0 |d 2001-01-16 |l 0 |r 2005-01-02 00:00:00 |w 2026-02-21 | ||
| 952 | |a SNK |b SNK |y PREZ |7 0 |p 17A0264168 |o snkČSB 3806/A/6/1998-1999 D1 |i snkKSP 807/2001 |0 0 |1 0 |4 0 |d 2001-01-16 |l 0 |r 2005-01-02 00:00:00 |w 2026-02-21 | ||
| 952 | |a SNK |b SNK |y PREZ |7 0 |p 17A0135927 |o snkČSB 3806/A/2/1987 |0 0 |1 0 |4 0 |d 1998-04-17 |l 0 |r 2005-01-02 00:00:00 |w 2026-02-21 | ||
| 952 | |a SNK |b SNK |y PREZ |7 0 |p 17A0194240 |o snkČSB 3806/A/5/1996-1997 |i snkKSP 5948/99 |0 0 |1 0 |4 0 |d 1999-05-31 |l 0 |r 2005-01-02 00:00:00 |w 2026-02-21 | ||
| 952 | |a SNK |b SNK |y PREZ |7 0 |p 17A0228346 |o snkČSB 3806/A/5/1996-1997 D1 |i snkKSP 1784/2000 |0 0 |1 0 |4 0 |d 2000-02-11 |l 0 |r 2005-01-02 00:00:00 |w 2026-02-21 | ||


